[Event "Pinneberg op Seniors 13th"]
[Site "Pinneberg"]
[Date "2012.07.26"]
[Round "6"]
[White "Schleu, Guenther"]
[Black "Ahrens, Joern"]
[Result "1-0"]
[WhiteElo "1228"]
[BlackElo "989"]
[PlyCount "51"]
[EventDate "2012.06.21"]
[EventType "swiss"]
[EventRounds "7"]
[EventCountry "GER"]
[SourceTitle "EXT 2013"]
[Source "ChessBase"]
[SourceDate "2012.11.22"]
[SourceVersion "1"]
[SourceVersionDate "2012.11.22"]
[SourceQuality "1"]

1. d4 Nf6 2. Nf3 e6 3. Bf4 b6 4. Nbd2 Bb7 5. e3 Be7 6. h3 Ne4 7. Be2 Nxd2 8. Qxd2 c5 9. c3 d6 10. 0-0 0-0 11. Rfc1 Bf6 12. b4 Qe7 13. Qc2 g6 14. a4 Nd7 15. Rab1 e5 16. dxe5 dxe5 17. Bg3 e4 18. Nh2 Bg7 19. Rd1 f5 20. Bd6 Qf7 21. Bxf8 Bxf8 22. Rd2 Rd8 23. Rbd1 Bc8 24. Bb5 Qe7 25. Qb3+ Kh8 26. Qd5 1-0

[Event "Pinneberg op Seniors 12th"]
[Site "Pinneberg"]
[Date "2011.07.28"]
[Round "7"]
[White "Koch, Uwe"]
[Black "Ahrens, Joern"]
[Result "1-0"]
[WhiteElo "1352"]
[BlackElo "925"]
[PlyCount "65"]
[EventDate "2011.06.16"]
[EventType "swiss"]
[EventRounds "7"]
[EventCountry "GER"]
[SourceTitle "EXT 2012"]
[Source "ChessBase"]
[SourceDate "2011.11.24"]
[SourceVersion "1"]
[SourceVersionDate "2011.11.24"]
[SourceQuality "1"]

1. d4 Nf6 2. Nf3 e6 3. e3 c5 4. c3 cxd4 5. exd4 a6 6. Bg5 Be7 7. Nbd2 0-0 8. Bd3 h6 9. Bxf6 Bxf6 10. 0-0 b6 11. Re1 Bb7 12. Be4 Bxe4 13. Nxe4 Be7 14. Qb3 d5 15. Ned2 Nd7 16. Ne5 Nxe5 17. dxe5 Qc7 18. Nf3 Rac8 19. Rac1 Qb8 20. Nd4 Rc4 21. Qd1 Rfc8 22. f4 a5 23. Qh5 a4 24. f5 Bg5 25. Rc2 Re8 26. h4 Bd8 27. fxe6 Re7 28. exf7+ Rxf7 29. e6 Rb7 30. Qxd5 Rc5 31. e7+ Rxd5 32. e8Q+ Kh7 33. Qe4+ 1-0

[Event "Pinneberg op Seniors 12th"]
[Site "Pinneberg"]
[Date "2011.07.21"]
[Round "6"]
[White "Ahrens, Joern"]
[Black "Laber, Witalij"]
[Result "0-1"]
[WhiteElo "925"]
[BlackElo "1419"]
[PlyCount "114"]
[EventDate "2011.06.16"]
[EventType "swiss"]
[EventRounds "7"]
[EventCountry "GER"]
[SourceTitle "EXT 2012"]
[Source "ChessBase"]
[SourceDate "2011.11.24"]
[SourceVersion "1"]
[SourceVersionDate "2011.11.24"]
[SourceQuality "1"]

1. d4 Nf6 2. Nf3 g6 3. Nc3 d5 4. e3 e6 5. Bd3 Nbd7 6. e4 dxe4 7. Nxe4 Nd5 8. 0-0 Bg7 9. Be3 0-0 10. Qd2 Nxe3 11. Qxe3 f5 12. Neg5 Nb6 13. Rfe1 h6 14. Nh3 Nd5 15. Qd2 Kh7 16. c4 Ne7 17. Nf4 Bxd4 18. Nxe6 Bxe6 19. Rxe6 Bf6 20. Rae1 Nc6 21. R1e3 Nd4 22. Nxd4 Qxd4 23. Qe2 Rf7 24. g3 Qxb2 25. Qxb2 Bxb2 26. Re7 Raf8 27. c5 Bd4 28. Rxf7+ Rxf7 29. Re8 Bxc5 30. Bc4 Rf8 31. Re5 Bd6 32. Re2 a5 33. a4 b6 34. f4 h5 35. h4 Kg7 36. Kg2 Rd8 37. Rd2 Re8 38. Be2 Kf8 39. Kf1 Ke7 40. Bb5 Rf8 41. Ke2 Rf6 42. Bc6 Re6+ 43. Kd3 Bb4 44. Rc2 Rd6+ 45. Ke2 Rd4 46. Kf3 Rd3+ 47. Kg2 Kf6 48. Bb5 Rc3 49. Rxc3 Bxc3 50. Kf3 c5 51. Ke3 Ke7 52. Be2 Kd6 53. Bf3 c4 54. Ke2 Bd4 55. Kf1 b5 56. axb5 a4 57. Bd1 a3 0-1

[Event "Pinneberg op Seniors 12th"]
[Site "Pinneberg"]
[Date "2011.06.22"]
[Round "2"]
[White "Raedisch, Peter"]
[Black "Ahrens, Joern"]
[Result "1-0"]
[WhiteElo "1613"]
[BlackElo "925"]
[PlyCount "93"]
[EventDate "2011.06.16"]
[EventType "swiss"]
[EventRounds "7"]
[EventCountry "GER"]
[SourceTitle "EXT 2012"]
[Source "ChessBase"]
[SourceDate "2011.11.24"]
[SourceVersion "1"]
[SourceVersionDate "2011.11.24"]
[SourceQuality "1"]

1. e4 c5 2. Bc4 e6 3. c3 Nf6 4. d3 Be7 5. h3 d6 6. Be3 Nbd7 7. Nd2 b6 8. g4 Bb7 9. g5 Ng8 10. h4 g6 11. Rh2 Qc7 12. f4 0-0-0 13. a4 a5 14. Ngf3 Bf8 15. d4 Bg7 16. dxc5 Nxc5 17. Qc2 Ne7 18. Rb1 d5 19. exd5 Bxd5 20. Bxd5 Nxd5 21. Nf1 Nxe3 22. Nxe3 Qxf4 23. Qe2 Rd3 24. Kf2 Ne4+ 25. Kg2 Rxe3 26. Qa6+ Kd7 27. Qb7+ Qc7 28. Rd1+ Nd6 29. Qxc7+ Kxc7 30. Kf2 Nf5 31. Rhh1 Rd8 32. Rxd8 Kxd8 33. Rd1+ Kc7 34. Nd4 Nxd4 35. Kxe3 Nf5+ 36. Kd3 Nxh4 37. Rh1 Nf3 38. Rxh7 Bf8 39. Rxf7+ Kd6 40. Rxf8 Nxg5 41. Rf6 Ke5 42. Rxg6 Kf5 43. Rg8 Nh7 44. Rb8 Kf4 45. Rxb6 e5 46. Re6 Nf8 47. Rf6+ 1-0

[Event "Pinneberg op Seniors 12th"]
[Site "Pinneberg"]
[Date "2011.06.16"]
[Round "1"]
[White "Kock, Rudolf"]
[Black "Ahrens, Joern"]
[Result "0-1"]
[WhiteElo "1521"]
[BlackElo "925"]
[PlyCount "54"]
[EventDate "2011.06.16"]
[EventType "swiss"]
[EventRounds "7"]
[EventCountry "GER"]
[SourceTitle "EXT 2012"]
[Source "ChessBase"]
[SourceDate "2011.11.24"]
[SourceVersion "1"]
[SourceVersionDate "2011.11.24"]
[SourceQuality "1"]

1. f4 Nc6 2. Nf3 d6 3. e3 a6 4. b3 Nf6 5. Bb2 e6 6. a3 Be7 7. Bd3 b5 8. 0-0 0-0 9. Nc3 Bb7 10. Ne2 d5 11. Ng3 Qd7 12. Ne5 Nxe5 13. Bxe5 Ne4 14. Bxg7 Kxg7 15. f5 Nxg3 16. Qg4+ Kh8 17. f6 Rg8 18. Qh4 Nf5 19. Bxf5 exf5 20. fxe7 Rae8 21. Qf6+ Rg7 22. Rxf5 Qxe7 23. Qd4 Kg8 24. b4 Qe4 25. Qxe4 Rxe4 26. Rc1 c6 27. d3 Reg4 0-1

[Event "Pinneberg op Seniors 10th"]
[Site "Pinneberg"]
[Date "2009.07.09"]
[Round "3"]
[White "Reheis, Anton"]
[Black "Ahrens, Joern"]
[Result "1-0"]
[WhiteElo "1362"]
[BlackElo "966"]
[PlyCount "65"]
[EventDate "2009.06.25"]
[EventType "swiss"]
[EventRounds "4"]
[EventCountry "GER"]
[SourceTitle "EXT 2011"]
[Source "ChessBase"]
[SourceDate "2010.11.26"]
[SourceVersion "1"]
[SourceVersionDate "2010.11.26"]
[SourceQuality "1"]

1. d4 Nf6 2. Nf3 e6 3. Bg5 Be7 4. Nc3 b6 5. h3 Nc6 6. e3 Bb7 7. Be2 0-0 8. a3 d5 9. Bf4 a6 10. 0-0 Qd7 11. Ne1 Rfd8 12. Bd3 Bd6 13. Bxd6 Qxd6 14. f4 g6 15. Ne2 Ne7 16. c3 c5 17. Nf3 Rac8 18. Rc1 c4 19. Bb1 b5 20. Qe1 Kg7 21. Ne5 Ne4 22. Ng4 h5 23. Nh2 Rh8 24. Nf3 Nf5 25. Bxe4 dxe4 26. Ng5 Nxe3 27. Rf2 Rcf8 28. Ng3 Nf5 29. N3xe4 Bxe4 30. Nxe4 Qd8 31. Ng5 h4 32. Qe5+ f6 33. Nxe6+ 1-0

[Event "Harburg-chL 7th"]
[Site "Hamburg"]
[Date "2009.07.05"]
[Round "5"]
[White "Marwitz, Ullrich"]
[Black "Ahrens, Joern"]
[Result "0-1"]
[WhiteElo "881"]
[BlackElo "959"]
[PlyCount "70"]
[EventDate "2009.07.03"]
[EventType "swiss"]
[EventRounds "5"]
[EventCountry "GER"]
[SourceTitle "EXT 2010"]
[Source "ChessBase"]
[SourceDate "2010.11.25"]
[SourceVersion "1"]
[SourceVersionDate "2010.11.25"]
[SourceQuality "1"]

1. e4 c5 2. c4 Nf6 3. Nc3 d6 4. Nf3 e5 5. Nd5 Nxd5 6. cxd5 Bg4 7. Be2 Nd7 8. Qa4 Be7 9. 0-0 0-0 10. h3 Bxf3 11. Bxf3 f5 12. exf5 Rxf5 13. Bg4 g6 14. Bxf5 gxf5 15. f4 e4 16. g4 fxg4 17. Qb3 b6 18. hxg4 Nf6 19. g5 Ng4 20. Qg3 Qd7 21. f5 Ne5 22. g6 hxg6 23. Rf4 Kg7 24. Rxe4 Qxf5 25. d3 g5 26. Bxg5 Bxg5 27. Rf1 Qg6 28. Rd1 Rf8 29. Qh3 Be3+ 30. Kh1 Bf2 31. Rh4 Bxh4 32. Rg1 Bg5 33. Kg2 Be3+ 34. Qg3 Qxg3+ 35. Kxg3 Bxg1 0-1

[Event "Pinneberg op Seniors 09th"]
[Site "Pinneberg"]
[Date "2008.07.03"]
[Round "3"]
[White "Ahrens, Joern"]
[Black "Mania, Irmgard"]
[Result "1-0"]
[WhiteElo "974"]
[BlackElo "860"]
[PlyCount "67"]
[EventDate "2008.06.19"]
[EventType "swiss"]
[EventRounds "5"]
[EventCountry "GER"]
[SourceTitle "EXT 2011"]
[Source "ChessBase"]
[SourceDate "2010.11.26"]
[SourceVersion "1"]
[SourceVersionDate "2010.11.26"]
[SourceQuality "1"]

1. e4 e5 2. f4 exf4 3. Nf3 Nf6 4. Nc3 Bb4 5. Bc4 0-0 6. 0-0 d6 7. d3 Bxc3 8. bxc3 Bg4 9. Bxf4 Nbd7 10. Qe1 c6 11. d4 Nb6 12. Bb3 Re8 13. Ng5 d5 14. e5 Ne4 15. Nxe4 dxe4 16. Qxe4 Qd7 17. h3 Bf5 18. Qf3 Nd5 19. Bd2 b5 20. Rae1 g6 21. Bg5 a5 22. Rf2 a4 23. Bxd5 Qxd5 24. Qxd5 cxd5 25. a3 Bxc2 26. Rxc2 Rf8 27. Rce2 Rac8 28. Re3 Rc6 29. Kh2 Rfc8 30. e6 Re8 31. exf7+ Kxf7 32. Rf1+ Rf6 33. Rxf6+ Kg7 34. Rxe8 1-0